000 00448nam a22001697a 4500
005 20160630130157.0
008 160630b xxu||||| |||| 00| 0 eng d
020 _a81-219-2457-X
041 _aeng
082 _b19849
100 _a Ramamurthy Prof. T N & Sitharam Prof. T G
_93311
245 _aGeotechnical Engineering
260 _aNew Delhi
_bSultan Chand & Sons,
_c2014
300 _a282
650 _aDiploma Engineering
_9817
942 _cBK
999 _c4935
_d4933